| 000 | 01058nam a22003131 4500 | ||
|---|---|---|---|
| 001 | 143759 | ||
| 003 | SpMaBN | ||
| 005 | 20250804054032.0 | ||
| 008 | 981210s1969 sp spa | ||
| 016 | 7 |
_abimoBNE20000214287 _zIND9800834533 _2SpMaBN |
|
| 017 |
_aB 13560-1969 _bOficina Depósito Legal Barcelona |
||
| 035 | _a(OCoLC)432730940 | ||
| 040 |
_aSpMaBN _bspa _cCDM _dES-MaACL |
||
| 080 | _a248.1 | ||
| 100 |
_aSheen, Fulton J. _d1895-1979 _0XX820391 _9227301 |
||
| 245 | 1 | 0 |
_aReflexiones de Fulton J. Sheen / _cselección de Frederick Gushurst ; [traducción del inglés por Enrique de Juan] |
| 250 | _a1ª. ed. | ||
| 260 |
_aBarcelona : _bPlaneta, _c[1969] |
||
| 300 |
_a305 p., 1 h. ; _c21 cm |
||
| 490 | 0 | _aColección "Razón y Fé" | |
| 650 | 7 |
_aVida cristiana _2embne _917790 |
|
| 700 | 0 |
_aGushurst, Frederick _961017 |
|
| 700 | 1 |
_aJuan, Enrique de _967090 |
|
| 852 |
_aEs-MaACL _bR.69276 _cDEPO2 _jC-39513 _9148951 |
||
| 942 |
_2udc _cMONOGRAFIA |
||
| 999 |
_c143759 _d143759 |
||